000 00713nam a2200289Ia 4500
005 20260324123807.0
008 008 260324s9999 xx 000 0 eng d
020 _a9781351278683
037 _aEBOOK
040 _aCRL
040 _beng
040 _cCRL
041 _2eng
041 _aeng
084 _qCRL
100 _aJacquelyn Ottman
_91171674
245 4 _aThe New Rules of Green Marketing
245 0 _bStrategies, Tools, and Inspiration for Sustainable Branding
260 _bTaylor and Francis
260 _c2011
365 _a
365 _b155
856 _uhttp://www.taylorfrancis.com/books/9781351278683
942 _cEBOOK
999 _c1765498
_d1765498